[Event "SVK-chT2C 10/11"]
[Site "Slovakia"]
[Date "2010.12.04"]
[Round "3.6"]
[White "Csolto, Tibor Jr"]
[Black "Vyparina, Matej"]
[Result "1/2-1/2"]
[WhiteElo "2198"]
[BlackElo "2198"]
[PlyCount "45"]
[EventDate "2010.10.23"]
[EventType "team-tourn"]
[EventRounds "11"]
[EventCountry "SVK"]
[SourceTitle "EXT 2019"]
[Source "ChessBase"]
[SourceDate "2018.10.10"]
[SourceVersion "1"]
[SourceVersionDate "2018.10.10"]
[SourceQuality "1"]
[WhiteTeam "Jelsava SK Magnezit"]
[BlackTeam "Zilina Mladost II"]
[WhiteTeamCountry "SVK"]
[BlackTeamCountry "SVK"]

1. e4 c5 2. Nf3 Nc6 3. d4 cxd4 4. Nxd4 Nf6 5. Nc3 d6 6. f3 e5 7. Nb3 Be6 8. Be3 d5 9. exd5 Nxd5 10. Nxd5 Qxd5 11. Qxd5 Bxd5 12. 0-0-0 0-0-0 13. c4 Be6 14. Rxd8+ Kxd8 15. Be2 Be7 16. Rd1+ Kc7 17. Nc5 Bc8 18. Ne4 Rd8 19. Nc3 Rxd1+ 20. Kxd1 Bf8 21. a3 Be6 22. Kd2 b6 23. f4 1/2-1/2

[Event "Piestany op"]
[Site "Piestany"]
[Date "2010.11.21"]
[Round "9"]
[White "Kleman, Miroslav"]
[Black "Vyparina, Matej"]
[Result "1/2-1/2"]
[WhiteElo "2266"]
[BlackElo "2198"]
[PlyCount "38"]
[EventDate "2010.11.15"]
[EventType "swiss"]
[EventRounds "9"]
[EventCountry "SVK"]
[SourceTitle "EXT 2023"]
[Source "ChessBase"]
[SourceDate "2022.10.05"]
[SourceVersion "1"]
[SourceVersionDate "2022.10.05"]
[SourceQuality "1"]

1. c4 Nf6 2. Nf3 g6 3. b3 Bg7 4. Bb2 0-0 5. e3 c5 6. Be2 Nc6 7. 0-0 d5 8. cxd5 Nxd5 9. Bxg7 Kxg7 10. Qc2 b6 11. a3 Bb7 12. Rd1 e5 13. Bb5 Qf6 14. Qe4 Na5 15. Qxe5 Nxb3 16. Ra2 Rfd8 17. Rb2 Na5 18. Qxf6+ Kxf6 19. d4 cxd4 1/2-1/2

[Event "Stare Mesto op"]
[Site "Stare Mesto"]
[Date "2010.08.20"]
[Round "9"]
[White "Vyparina, Matej"]
[Black "Skoda, Martin"]
[Result "1/2-1/2"]
[WhiteElo "2192"]
[BlackElo "2005"]
[PlyCount "69"]
[EventDate "2010.08.13"]
[EventType "swiss"]
[EventRounds "10"]
[EventCountry "CZE"]
[SourceTitle "CBM 138 Extra"]
[Source "ChessBase"]
[SourceDate "2010.10.29"]
[SourceVersion "1"]
[SourceVersionDate "2010.10.29"]
[SourceQuality "1"]

1. e4 c5 2. Nf3 e6 3. c4 Nc6 4. d4 cxd4 5. Nxd4 e5 6. Nb5 d6 7. N1c3 a6 8. Na3 Nf6 9. Be2 Be7 10. 0-0 0-0 11. Be3 Be6 12. f3 Nd7 13. Qd2 f5 14. exf5 Bxf5 15. Nd5 Nf6 16. Bb6 Qd7 17. Rac1 Bd8 18. Be3 Ba5 19. Qd1 Nxd5 20. cxd5 Ne7 21. Nc4 Bd8 22. Nb6 Bxb6 23. Bxb6 Rac8 24. Rc3 Bg6 25. Qb3 Bf7 26. Rd1 Ng6 27. Be3 Nf4 28. Bxf4 exf4 29. Bd3 Rc5 30. Rxc5 dxc5 31. Qc2 g6 32. Qxc5 Rc8 33. Qd4 Qxd5 34. Qxd5 Bxd5 35. Bxa6 1/2-1/2

[Event "Stare Mesto op"]
[Site "Stare Mesto"]
[Date "2010.08.15"]
[Round "3"]
[White "Vyparina, Matej"]
[Black "Jurcik, Marian"]
[Result "1/2-1/2"]
[WhiteElo "2192"]
[BlackElo "2484"]
[PlyCount "60"]
[EventDate "2010.08.13"]
[EventType "swiss"]
[EventRounds "10"]
[EventCountry "CZE"]
[SourceTitle "CBM 138 Extra"]
[Source "ChessBase"]
[SourceDate "2010.10.29"]
[SourceVersion "1"]
[SourceVersionDate "2010.10.29"]
[SourceQuality "1"]

1. e4 c5 2. Nf3 e6 3. c3 Nf6 4. e5 Nd5 5. d4 cxd4 6. cxd4 d6 7. Nc3 Nxc3 8. bxc3 Nc6 9. Bd3 dxe5 10. dxe5 Be7 11. Qe2 b6 12. 0-0 Bb7 13. Re1 h6 14. Bd2 Bc5 15. Rad1 Qe7 16. h4 0-0-0 17. Bf4 Rd7 18. Rd2 Rhd8 19. Red1 Na5 20. Be4 Rxd2 21. Rxd2 Rxd2 22. Bxd2 Qd7 23. Bxb7+ Nxb7 24. Qe4 Kc7 25. Qh7 Bf8 26. Qg8 Qe7 27. Nd4 a6 28. h5 Nc5 29. f4 Nd7 30. g3 Qe8 1/2-1/2